000 00810cam a2200217 4500
001 WB3619-23
008 000000n2000 000 0 eng u
035 _a(Sirsi) u105987
245 _aAgency launches 'goodwill charter'
260 _c2000
490 _aEstates Gazette
_v(0019) 13 May 2000, 54(1)
520 _aEstate Agency, Home, has created a seven-page charter that invites vendors and purchasers to lodge a bond that is forfeited if either side pulls out of a sale without a 'genuine reason'. Home claims the incidence of bids collapsing has halved.
590 _aWB
650 _aGOODWILL CHARTER
650 _aGAZUMPING
650 _aESTATE AGENTS
650 _aHOME
650 _aRESIDENTIAL AGENTS
690 _aPROPERTY-RESIDENTIAL PROPERTY-RESIDENTIAL PROPERTY MARKET
942 _n0
999 _c63469
_d63469